• 首页
  • 本馆介绍
  • 公告通知
  • 最新文献
  • 馆藏检索
  • 电子资源
  • 读者导购
  • 参考咨询
  • 我的图书馆
  • 登录
  • 详细信息显示
  • 放入我的书架
  • 预约/预借图书
  • 作者相关作品
  • 分类相关作品
  • 丛书相关作品
  • 出版社相关作品

书目信息

  • 表格格式
  • 工作单格式
  • 卡片格式
题名:
中国沿海赤潮
    
 
作者: 齐雨藻 编
分册:  
出版信息: 北京   科学出版社  2004.40
页数:
开本: 16开
丛书名:
单 册:
中图分类: X55
科图分类:
主题词: 海洋污染 , 海洋污染--污染防治
电子资源:
ISBN: 7-03-011315-2
000 00538nam0 2200193 450
001 0736196517
005 20070924100316.51
010    @a7-03-011315-2@d¥50.00
100    @a20070924d km y0chiy0120 ea
101 0  @achi
200 1  @a中国沿海赤潮@Azhong guo yan hai chi chao@f齐雨藻 等编@Fqi yu zao deng bian
210    @a北京@c科学出版社@d2004.40
215    @d16开
606 0  @a海洋污染
606 0  @a海洋污染@x污染防治
690    @aX55@v3
701  0 @a齐雨藻@Aqi yu zao@4编
801  0 @aCN@bPFT@c20070924
905    @a213230@dX55@eZY110@f1
    
    中国沿海赤潮/齐雨藻 等编.-北京:科学出版社,2004.40
    16开
    
    
    ISBN 7-03-011315-2:¥50.00
    
●
相关链接 在E读中查询图书 在五车中查询图书 在当当中查询图书 在豆瓣中查询图书


正题名:中国沿海赤潮     索取号:X55/ZY110         预约/预借

序号 登录号 条形码 馆藏地/架位号 状态 备注
1 7901789   279017895   密集书库-资源管理系/ [索取号:X55/ZY110] 在馆    
唐山师范学院图书馆 欢迎您!
大连网信软件有限公司© 版权所有